Central Library OPAC University of Rajshahi
Normal view MARC view

Entry Topical Term

Number of records used in: 2

001 - CONTROL NUMBER

  • control field: 9266

003 - CONTROL NUMBER IDENTIFIER

  • control field: BD-RjUL

005 - DATE AND TIME OF LATEST TRANSACTION

  • control field: 20231001101053.0

008 - FIXED-LENGTH DATA ELEMENTS

  • fixed length control field: 231001|| aca||aabn | a|a d

040 ## - CATALOGING SOURCE

  • Original cataloging agency: BD-RjUL
  • Transcribing agency: BD-RjUL

150 ## - HEADING--TOPICAL TERM

  • Topical term or geographic name entry element: সাধারণ ব্যবস্থাপনা
  • Form subdivision: বাজারজাতকরণ

670 ## - SOURCE DATA FOUND

  • Source citation: Work cat.: (BD-RjUL)82011: দাস, দীপকেন্দ্রনাথ 9265, বাংলাদেশের রেশমপন্যের উৎপাদন ও বাজারজাতকরণ সমস্যা /, ১৯৮৫